000 00747nab a2200229u 4500
001 18279
003 HDC
007 c| |||a|c|aaaa
008 210225b20140829my ||||| |||| 00| 0 may d
040 _aHDC
245 0 _aMOSTI tawar 6 dana
336 _atext
_2rdacontent
337 _acomputer
_2rdamedia
338 _aonline resource
_2rdacarrier
650 _aDana Perolehan Teknologi (TAF)
_917213
650 _aMinistry of Science, Technology and Innovation (MOSTI)
_910014
710 _aBERITA HARIAN
856 _zRequest full-text at [email protected]
942 _2lcc
942 _cNEWS
942 _kNWSC 005058
999 _c15595
_d15595